[Event "19. Torneo San Viator"]
[Site "Madrid ESP"]
[Date "2012.11.18"]
[Round "9.17"]
[White "Cazorla Munoz, Francisco"]
[Black "Morona Minguez, Miguel"]
[Result "0-1"]
[WhiteElo "1764"]
[BlackElo "1631"]
[PlyCount "90"]
[EventDate "2012.09.23"]
[EventType "swiss"]
[EventRounds "9"]
[EventCountry "ESP"]
[Source "lmi"]
[SourceDate "2012.09.23"]

1. d4 d5 2. c4 e6 3. Nf3 Nc6 4. Nc3 Nf6 5. e3 Be7 6. Qc2 a6 7. a3 O-O 8. Be2
Re8 9. O-O Bf8 10. Rd1 Ne7 11. Ne5 Ng6 12. Nxg6 hxg6 13. e4 b6 14. cxd5 exd5
15. e5 Bf5 16. Qb3 Ne4 17. Qxd5 Nxc3 18. Qxd8 Nxe2+ 19. Kf1 Raxd8 20. Kxe2 c5
21. Be3 cxd4 22. Rxd4 Rxd4 23. Bxd4 Bc5 24. Bc3 Rd8 25. h3 Rd7 26. g4 Be6 27.
Rc1 a5 28. Bxa5 Bxa3 29. Bc3 Bc5 30. b4 Bd4 31. f4 Rc7 32. Kd3 Rxc3+ 33. Rxc3
Bxc3 34. Kxc3 b5 35. Kd4 Kf8 36. Kc5 Bc4 37. Kd6 Ke8 38. h4 Be2 39. Kc5 Ke7 40.
Kc6 Ke6 41. Kc5 Kd7 42. f5 gxf5 43. gxf5 Bd3 44. f6 gxf6 45. exf6 Ke6 0-1

[Event "19. Torneo San Viator"]
[Site "Madrid ESP"]
[Date "2012.11.18"]
[Round "9.19"]
[White "Soto Martin, Miguel"]
[Black "Soto Martin, Pablo"]
[Result "0-1"]
[WhiteElo "1493"]
[BlackElo "1695"]
[PlyCount "90"]
[EventDate "2012.09.23"]
[EventType "swiss"]
[EventRounds "9"]
[EventCountry "ESP"]
[Source "lmi"]
[SourceDate "2012.09.23"]

1. d4 Nf6 2. Nf3 d5 3. e3 e6 4. Bd3 Nbd7 5. O-O Bd6 6. b3 O-O 7. Bb2 c5 8. Qe2
Qc7 9. Nbd2 b6 10. dxc5 bxc5 11. e4 Ne5 12. Nxe5 Bxe5 13. Bxe5 Qxe5 14. Nf3 Qc7
15. exd5 exd5 16. Rad1 Re8 17. Qd2 Bg4 18. Kh1 Rad8 19. Qc3 d4 20. Qb2 Qf4 21.
Qc1 Qd6 22. Rd2 Bxf3 23. gxf3 Qc6 24. Qd1 Nh5 25. c3 Nf4 26. Be4 Qf6 27. cxd4
cxd4 28. Qb1 Qh4 29. Rg1 Nh3 30. Rg4 Nxf2+ 31. Rxf2 Qxf2 32. Bxh7+ Kh8 33. Be4
f5 34. Rg2 Qh4 35. Bxf5 Re1+ 36. Rg1 Rxb1 37. Bxb1 d3 38. Rd1 d2 39. b4 Qe1+
40. Rxe1 dxe1=Q+ 41. Kg2 Rd2+ 42. Kh3 Qf2 43. Kg4 Rd4+ 44. Kf5 Qxf3+ 45. Ke5
Qd5# 0-1

[Event "19. Torneo San Viator"]
[Site "Madrid ESP"]
[Date "2012.11.18"]
[Round "9.20"]
[White "Sierra Bermejo, Gregorio"]
[Black "Herreros Lucas, Jose L"]
[Result "1-0"]
[WhiteElo "1664"]
[BlackElo "1588"]
[PlyCount "145"]
[EventDate "2012.09.23"]
[EventType "swiss"]
[EventRounds "9"]
[EventCountry "ESP"]
[Source "lmi"]
[SourceDate "2012.09.23"]

1. e4 c6 2. c4 e6 3. Nc3 d5 4. cxd5 cxd5 5. exd5 exd5 6. Bb5+ Nc6 7. Nf3 Bg4 8.
O-O Nf6 9. Re1+ Be7 10. Qe2 Bxf3 11. Qxf3 O-O 12. Ba4 Re8 13. d3 Rc8 14. Bf4 a6
15. Bxc6 Rxc6 16. a3 Qd7 17. Re2 Re6 18. Rae1 Bc5 19. Be5 d4 20. Bxf6 Rxe2 21.
Rxe2 Rxe2 22. Qxe2 dxc3 23. Bxc3 h6 24. Qe5 f6 25. Qxc5 Qxd3 26. Qc8+ Kh7 27.
h3 Qd1+ 28. Kh2 Qd6+ 29. g3 b5 30. Qf5+ Kg8 31. h4 Kf7 32. h5 Kg8 33. Qg6 Qe6
34. g4 Qd6+ 35. Kh3 Qe6 36. Qf5 Qd6 37. Qf3 Qe6 38. Qg3 Kh7 39. f4 Qc6 40. Qg2
Qe6 41. Qf3 Qd6 42. Kg3 Qe6 43. Qd3+ Kg8 44. Bb4 Qb6 45. Kf3 Qe6 46. Qe4 Qb3+
47. Bc3 Qd1+ 48. Qe2 Qh1+ 49. Ke3 Qg1+ 50. Kd2 Qb6 51. Qe8+ Kh7 52. Qg6+ Kg8
53. Qe8+ Kh7 54. Qg6+ Kg8 55. Bxf6 Qd6+ 56. Ke3 Qc5+ 57. Bd4 Qc1+ 58. Ke2 Qc4+
59. Qd3 Qe6+ 60. Kf3 Qc6+ 61. Qe4 Qd6 62. Qe5 Qc6+ 63. Qe4 Qd6 64. Bc3 Qd1+ 65.
Kf2 Qxg4 66. Qe8+ Kh7 67. Qg6+ Qxg6 68. hxg6+ Kxg6 69. f5+ Kf7 70. Kg3 g6 71.
Kg4 h5+ 72. Kg5 h4 73. fxg6+ 1-0

[Event "19. Torneo San Viator"]
[Site "Madrid ESP"]
[Date "2012.11.18"]
[Round "9.21"]
[White "Martin Rodriguez, Jose L"]
[Black "Castro Uceda, Jose Antonio"]
[Result "0-1"]
[WhiteElo "1431"]
[BlackElo "1657"]
[PlyCount "132"]
[EventDate "2012.09.23"]
[EventType "swiss"]
[EventRounds "9"]
[EventCountry "ESP"]
[Source "lmi"]
[SourceDate "2012.09.23"]

1. e4 c5 2. Nf3 d6 3. d4 cxd4 4. Nxd4 Nf6 5. Nc3 a6 6. Bg5 e5 7. Bxf6 Qxf6 8.
Nd5 Qd8 9. Nb3 Be6 10. Qf3 Nc6 11. O-O-O Rc8 12. Be2 Bxd5 13. exd5 Nb4 14. c3
a5 15. Bb5+ Ke7 16. Kb1 Na6 17. Qg3 Nc5 18. Rhe1 f6 19. Qg4 h5 20. Qh3 Kf7 21.
Nxc5 Rxc5 22. Qe6+ Kg6 23. Bd3+ Kh6 24. Qf5 Qe8 25. Re3 Rxd5 26. Bc2 Rxd1+ 27.
Bxd1 Qg6 28. Qxg6+ Kxg6 29. Bb3 Be7 30. Bd5 Rb8 31. Rg3+ Kh6 32. Be4 g5 33. Bd5
b5 34. b3 f5 35. Rd3 e4 36. Rd1 Kg7 37. Rc1 Kf6 38. f3 e3 39. c4 bxc4 40. Bxc4
f4 41. Rd1 a4 42. Re1 Ke5 43. Kc2 d5 44. Be2 axb3+ 45. axb3 Kd4 46. Rd1+ Kc5
47. Rd3 Bf6 48. Rd1 Ra8 49. Rc1 Kb4 50. Rb1 Ra2+ 51. Kd1 Bc3 52. Rc1 Rd2+ 53.
Ke1 Rb2+ 54. Kd1 Kxb3 55. Bd3 Rd2+ 56. Ke1 Rxd3+ 57. Ke2 Rd2+ 58. Ke1 Rxg2+ 59.
Kf1 Rxh2 60. Kg1 Rf2 61. Re1 Bxe1 62. Kh1 Rxf3 63. Kg2 g4 64. Kh2 e2 65. Kh1
Bd2 66. Kg2 e1=Q 0-1

[Event "19. Torneo San Viator"]
[Site "Madrid ESP"]
[Date "2012.11.18"]
[Round "9.22"]
[White "Pindado Del Carmen, Eliseo"]
[Black "Savchuk, Olga"]
[Result "0-1"]
[WhiteElo "1556"]
[BlackElo "1464"]
[PlyCount "51"]
[EventDate "2012.09.23"]
[EventType "swiss"]
[EventRounds "9"]
[EventCountry "ESP"]
[Source "lmi"]
[SourceDate "2012.09.23"]

1. d4 Nf6 2. Nf3 e6 3. e3 d5 4. Bd3 c5 5. c3 Bd6 6. Nbd2 O-O 7. e4 dxe4 8. Nxe4
cxd4 9. Nxd4 Be7 10. Qc2 Nbd7 11. h3 Nxe4 12. Bxe4 Nf6 13. Bd3 e5 14. Ne2 Qd5
15. f3 Rd8 16. Be4 Nxe4 17. fxe4 Qc6 18. Bd2 Be6 19. b3 a5 20. a4 b5 21. axb5
Qxb5 22. c4 Qb6 23. Nc3 Bh4+ 24. g3 Bxg3+ 25. Ke2 Qf2+ 26. Kd1 0-1

[Event "19. Torneo San Viator"]
[Site "Madrid ESP"]
[Date "2012.11.18"]
[Round "9.24"]
[White "Cortijo Manso, Luis"]
[Black "Rendo Quiros, Pedro"]
[Result "0-1"]
[WhiteElo "1534"]
[BlackElo "1630"]
[PlyCount "67"]
[EventDate "2012.09.23"]
[EventType "swiss"]
[EventRounds "9"]
[EventCountry "ESP"]
[Source "lmi"]
[SourceDate "2012.09.23"]

1. d4 d5 2. Nf3 e6 3. g3 Nf6 4. Bg2 c5 5. O-O Nc6 6. c4 cxd4 7. Nxd4 Be7 8.
cxd5 exd5 9. Nc3 O-O 10. Bf4 a6 11. Nxc6 bxc6 12. Qc2 Be6 13. h3 Qd7 14. Na4
Bf5 15. Qc1 Bd8 16. Nc5 Qc8 17. Nb3 Bxh3 18. Nd4 Bxg2 19. Kxg2 c5 20. Nf3 Bb6
21. Rh1 Qe6 22. Qc2 c4 23. Ng5 Qc6 24. f3 g6 25. Be5 Rfe8 26. Bf4 Be3 27. Bxe3
Rxe3 28. Nxh7 Nxh7 29. Rxh7 Kxh7 30. Rh1+ Kg7 31. Qd2 Qe6 32. Qd4+ f6 33. g4
Rxe2+ 34. Kg3 0-1